|
|
|
|
| LEADER |
00000nam0a2200000 4500 |
| 001 |
88650 |
| 005 |
20231101213619.0 |
| 035 |
|
|
|a (RuTPU)RU\TPU\book\95134
|
| 090 |
|
|
|a 88650
|
| 100 |
|
|
|a 20051228d1981 m y0rusy50 ca
|
| 101 |
0 |
|
|a rus
|
| 102 |
|
|
|a RU
|
| 105 |
|
|
|a a j 000zy
|
| 200 |
1 |
|
|a Сборник задач по общему курсу физики
|h Кн. 5: Атомная физика. Физика ядра и элементарных частиц
|e учебное пособие для вузов
|f В. Л. Гинзбург [и др.]
|g под ред. Д. В. Сивухина
|
| 205 |
|
|
|a 4-е изд., перераб. и доп.
|
| 210 |
|
|
|a Москва
|c Наука
|d 1981
|
| 215 |
|
|
|a 224 с.
|c ил.
|
| 606 |
1 |
|
|a Физика
|2 stltpush
|3 (RuTPU)RU\TPU\subj\63709
|9 80688
|
| 606 |
1 |
|
|a Ядерная, атомная, молекулярная физика
|2 stltpush
|3 (RuTPU)RU\TPU\subj\68877
|9 83976
|
| 610 |
1 |
|
|a учебные пособия
|
| 610 |
1 |
|
|a атомная физика
|
| 610 |
1 |
|
|a ядра
|
| 610 |
1 |
|
|a элементарные частицы
|
| 675 |
|
|
|a 53(076)
|v 3
|
| 675 |
|
|
|a 539.1(076)
|v 3
|
| 701 |
|
1 |
|a Гинзбург
|b В. Л.
|g Виталий Лазаревич
|
| 701 |
|
1 |
|a Левин
|b Л. М.
|g Лев Михайлович
|
| 701 |
|
1 |
|a Рабинович
|b М. С.
|g Матвей Самсонович
|
| 701 |
|
1 |
|a Сивухин
|b Д. В.
|g Дмитрий Васильевич
|
| 702 |
|
1 |
|a Сивухин
|b Д. В.
|g Дмитрий Васильевич
|4 340
|
| 801 |
|
1 |
|a RU
|b 63413507
|c 20051228
|g PSBO
|
| 801 |
|
2 |
|a RU
|b 63413507
|c 20140224
|g PSBO
|
| 942 |
|
|
|c BK
|